书目信息 |
| 题名: |
跨文化交流
|
|
| 作者: | 王培英 编著 | |
| 分册: | ||
| 出版信息: | 北京 旅游教育出版社 2007.09 |
|
| 页数: | 199页 | |
| 开本: | 23cm | |
| 丛书名: | ||
| 单 册: | ||
| 中图分类: | G115 | |
| 科图分类: | ||
| 主题词: | 文化交流--中国--西方国家--高等学校--教材 | |
| 电子资源: | ||
| ISBN: | 978-7-5637-1527-5 | |
| 000 | 00758nam0 2200241 450 | |
| 001 | 012007120355 | |
| 005 | 20091202085808.76 | |
| 010 | @a978-7-5637-1527-5@dCNY20.00 | |
| 100 | @a20080129d2007 em y0chiy0110 ea | |
| 101 | 0 | @achi |
| 102 | @aCN@b110000 | |
| 105 | @ay z 000yy | |
| 106 | @ar | |
| 200 | 1 | @a跨文化交流@9kua wen hua jiao liu@f王培英编著 |
| 210 | @a北京@c旅游教育出版社@d2007.09 | |
| 215 | @a199页@d23cm | |
| 300 | @a全国高等院校旅游专业规划教材 | |
| 330 | @a本书内容包括:文化概述、宗教文化、建筑文化、饮食文化、服饰文化、礼仪文化、民俗文化等。 | |
| 606 | 0 | @a文化交流@y中国@y西方国家@x高等学校@j教材 |
| 690 | @aG115@v4 | |
| 701 | 0 | @a王培英@9wang pei ying@4编著 |
| 801 | 0 | @aCN@bRENTIAN@c20091202 |
| 905 | @b794262-67@dG115@e12@f6 | |
| 跨文化交流/王培英编著.-北京:旅游教育出版社,2007.09 |
| 199页;23cm |
| 全国高等院校旅游专业规划教材 |
| ISBN 978-7-5637-1527-5:CNY20.00 |
| 本书内容包括:文化概述、宗教文化、建筑文化、饮食文化、服饰文化、礼仪文化、民俗文化等。 |
| ● |
| 相关链接 |
|
|
|
|
正题名:跨文化交流
索取号:G115/12
 
预约/预借
| 序号 | 登录号 | 条形码 | 馆藏地/架位号 | 状态 | 备注 |
| 1 | 794262 | 207942627 | 第一样本阅览室/ [索取号:G115/12] | 在馆 | |
| 2 | 794263 | 207942636 | 第四借阅区/ [索取号:G115/12] | 在馆 | |
| 3 | 794264 | 207942645 | 第四借阅区/ [索取号:G115/12] | 在馆 | |
| 4 | 794265 | 207942654 | 第四借阅区/ [索取号:G115/12] | 在馆 | |
| 5 | 794266 | 207942663 | 第四借阅区/ [索取号:G115/12] | 在馆 | |
| 6 | 794267 | 207942672 | 第四借阅区/ [索取号:G115/12] | 在馆 |